All train stations in Surrey - Statistics

General Stats
  • This quiz has been taken 133 times
  • The average score is 39 of 81
Answer Stats
Group Answer % Correct
Portsmouth Direct line Guildford
88%
North Downs line Ash
84%
South West main line Woking
82%
Chertsey branch line Chertsey
81%
Brighton main line Redhill
81%
Mole Valley line Dorking
79%
Shepperton branch line Shepperton
78%
Mole Valley line Epsom
76%
Oxted line Oxted
76%
Caterham line Caterham
73%
North Downs line Reigate
73%
Mole Valley line Leatherhead
70%
Hampton Court branch line Hampton Court
69%
Waterloo-Reading line Staines
69%
Ascot-Ash Vale line Ash Vale
64%
South West main line Esher
64%
Alton line Farnham
61%
South West main line Weybridge
61%
Mole Valley line Ewell West
60%
Tattenham Corner line Tattenham Corner
60%
Portsmouth Direct line Godalming
58%
Waterloo-Reading line Virginia Water
58%
Ascot-Ash Vale line Camberley
57%
North Downs line Dorking Deepdene
57%
South West main line Walton-on-Thames
57%
Mole Valley line Ashtead
55%
Waterloo-Reading line Egham
55%
Mole Valley line Ewell East
54%
Brighton main line Horley
54%
South West main line Byfleet & New Haw
52%
New Guildford line London Road
52%
Waterloo-Reading line Ashford
49%
Mole Valley line Box Hill & Westhumble
48%
New Guildford line Effingham Junction
48%
South West main line Hersham
48%
Shepperton branch line Sunbury
48%
South West main line West Byfleet
48%
New Guildford line Bookham
46%
South West main line Brookwood
46%
Portsmouth Direct line Haslemere
45%
Brighton main line Merstham
45%
Ascot-Ash Vale line Bagshot
43%
Redhill-Tonbridge line Godstone
43%
Oxted line Upper Warlingham
43%
Portsmouth Direct line Farncombe
42%
Ascot-Ash Vale line Frimley
42%
North Downs line Gomshall
42%
Caterham line Whyteleafe
42%
Caterham line Whyteleafe South
42%
Oxted line Dormans
40%
Brighton main line Earlswood
40%
Oxted line Lingfield
40%
Brighton main line Salfords
40%
Mole Valley line Stoneleigh
40%
New Guildford line Cobham & Stoke d'Abernon
39%
Shepperton branch line Kempton Park
39%
Mole Valley line Ockley
39%
Portsmouth Direct line Witley
39%
North Downs line Shalford
37%
Mole Valley line Holmwood
36%
Oxted line Hurst Green
36%
Redhill-Tonbridge line Nutfield
36%
New Guildford line Oxshott
36%
Chertsey branch line Addlestone
34%
Portsmouth Direct line Milford
34%
Tattenham Corner line Tadworth
34%
Hampton Court branch line Thames Ditton
34%
North Downs line Wanborough
34%
Portsmouth Direct line Worplesdon
34%
North Downs line Betchworth
28%
Oxted line Woldingham
28%
Tattenham Corner line Chipstead
27%
New Guildford line Clandon
27%
North Downs line North Camp
27%
North Downs line Chilworth
25%
New Guildford line Claygate
25%
Tattenham Corner line Kingswood
25%
New Guildford line Hinchley Wood
22%
New Guildford line Horsley
21%
Waterloo-Reading line Longcross
19%
Shepperton branch line Upper Halliford
15%
No matching quizzes found
Score Distribution
Percent of People with Each Score
Percentile by Number Answered
Your Score History
You have not taken this quiz